00525nam a22001577a 4500020001500000040000900015082001200024100002300036110005000059245002800109260006100137650003600198942001200234999001900246952010200265 a8178882973 cNUST a515 DEN aDenis, R. Y980328 aDubey, S. K. D Khan, M. U Singh, R. P9114098 aAnalysis Real & Complex aNew Delhi:bDominant Publishers and Distributors,c2005. aAnalysis Real & Complex9114099 2ddccBK c595495d595495 00102ddc4070aCEMEbCEMEcGENd2023-08-21l0o515 DENpCEME-41555.r2023-08-21w2023-08-21yBK